<?xml version="1.0" encoding="UTF-8"?>
<marc:record xmlns:marc="http://www.loc.gov/MARC21/slim">
   <marc:leader>00000nam a2200000 a 4500</marc:leader>
   <marc:datafield ind1="1" ind2=" " tag="100">
      <marc:subfield code="a">Adler, Katharina</marc:subfield>
      <marc:subfield code="4">aut</marc:subfield>
      <marc:subfield code="e">Verfasser/-in</marc:subfield>
   </marc:datafield>
   <marc:datafield ind1=" " ind2=" " tag="653">
      <marc:subfield code="a">Erzählende Literatur: Gegenwartsliteratur ab 1945</marc:subfield>
   </marc:datafield>
   <marc:datafield ind1="0" ind2="0" tag="245">
      <marc:subfield code="a">Iglhaut</marc:subfield>
   </marc:datafield>
   <marc:datafield ind1="0" ind2="0" tag="245">
      <marc:subfield code="c">Adler, Katharina</marc:subfield>
   </marc:datafield>
   <marc:datafield ind1=" " ind2="1" tag="264">
      <marc:subfield code="a">Hamburg</marc:subfield>
      <marc:subfield code="b">Rowohlt</marc:subfield>
      <marc:subfield code="c">2022</marc:subfield>
   </marc:datafield>
   <marc:datafield ind1=" " ind2=" " tag="250">
      <marc:subfield code="a">1. Auflage</marc:subfield>
   </marc:datafield>
   <marc:datafield ind1="1" ind2=" " tag="520">
      <marc:subfield code="a">Angaben aus der Verlagsmeldung &#xD;
&#xD;
 Iglhaut  Adler, Iglhaut  / von Katharina Adler&#xD;
&#xD;
&#xD;
            &#xD;
Sie hat eine Vorliebe für Whiskey-Cocktails und alte Sozialdemokratinnen, hat schlechte Backenzähne, Geldprobleme und ein Talent für den Umgang mit Holz: Iglhaut, die im Hinterhof eines Münchner Mietshauses ihre Werkstatt unterhält. Die starke, stachelig schöne Iglhaut, die – ohne eigenes Zutun und definitiv gegen ihren Willen – zum Zentrum nachbarschaftlichen Miteinanders wird. &#xD;
            &#xD;
Katharina Adlers Iglhaut ist eine Heldin nach Art alter Götter. Aus dem Holz für verlässliche Beziehungen ist sie nicht gemacht, weder in der Liebe, noch im Geschäft. Auch ihre Laune: so wandelbar wie das Wetter. Nur ihre Überzeugungen sind bis zur Sturheit gefestigt. Allenfalls für einen Fleisch verachtenden Hund namens Kanzlerin könnte sie sich verbiegen – und vielleicht für den Ex-Liebhaber, den sie in einem Moment der Unachtsamkeit wieder in ihr Leben lässt.&#xD;
            &#xD;
Doch dann drängen weitere Wahlverwandte und Geschichten – cholerisch, komisch, ungebeten – in diesen zutiefst menschlichen Roman, einen Roman der das Leben feiert: ungeschönt, mit allen Widrigkeiten. Sie wohnen nämlich nebenan … </marc:subfield>
   </marc:datafield>
   <marc:datafield ind1=" " ind2=" " tag="020">
      <marc:subfield code="a">9783498002565</marc:subfield>
      <marc:subfield code="9">9783498002565</marc:subfield>
   </marc:datafield>
   <marc:datafield ind1=" " ind2=" " tag="020">
      <marc:subfield code="a">3498002562</marc:subfield>
      <marc:subfield code="9">3498002562</marc:subfield>
   </marc:datafield>
   <marc:datafield ind1=" " ind2=" " tag="041">
      <marc:subfield code="a">ger</marc:subfield>
   </marc:datafield>
   <marc:datafield ind1=" " ind2=" " tag="338">
      <marc:subfield code="a">Band</marc:subfield>
   </marc:datafield>
   <marc:datafield ind1=" " ind2=" " tag="300">
      <marc:subfield code="a">288 Seiten</marc:subfield>
   </marc:datafield>
</marc:record>
